000 00823nam a2200181Ia 4500
008 151202s9999||||xx |||||||||||||| ||und||
082 _bPNVM-38160
100 _aअष्टिकर मुकर.
245 _aवीर वामनराव यांची नाटक समिक्षण संहिता.
260 _b"महाराष्ट्र राज्य सा. स. मंडळ ,मुंबई."
260 _c1985
300 _a600
600 _aअष्टिकर मुकर.
630 _aवीर वामनराव यांची नाटक समिक्षण संहिता.
700 _aअष्टिकर मुकर.
730 _aवीर वामनराव यांची नाटक समिक्षण संहिता.
942 _cBOOK
999 _c1304112
_d1304109